Top 15 größte Länder nach Fläche - Statistiken

Allgemein
  • Dieses Quiz wurde 275 mal gespielt
  • Das Durchschnittsergebnis liegt bei 14 aus 15
Antworten auf der Karte
Die Antworten werden auf der Karte rot bzw. grün angezeigt, abhängig davon wie oft sie richtig erraten wurden.
 
Antwortstatistiken
Antwort % Korrekt
Russland
97%
Australien
92%
Kanada
92%
Argentinien
91%
China
91%
Indonesien
91%
Mexiko
91%
USA
91%
Brasilien
90%
Indien
89%
Kasachstan
89%
Sudan
89%
Algerien
87%
Saudi-Arabien
87%
Demokratische Republik Kongo
86%
Keine übereinstimmenden Quizze gefunden
Verteilung der Resultate
Anzahl Personen mit jedem Resultat
Perzentil nach korrekt beantworteten Fragen
Ihre Resultats-Entwicklung
Sie haben dieses Quiz noch nicht gespielt